=LDR 00000nam 2200000 4500 =001 INLIS000000000013502 =005 20130612104903 =008 ***********************************Ind** =035 ##$$a0010-061300000013502 =041 ##$$a Ind =082 ##$$a F rom D =090 ##$$a F rom D, Sel k =100 ##$$a Selasih =245 ##$$a Kalau tak untung, Selasih =260 ##$$a 2004 $b Jakarta =300 ##$$a 156 hlm, 21 cm =650 ##$$a Fiksi dewasa - Indonesia =850 ##$$a NBPNMAT =990 ##$$a 92806/BPAP-NTB/2014 =990 ##$$a 21195009/BPAP-NTB/2014